| 000 | 00448nam a2200181Ia 4500 | ||
|---|---|---|---|
| 999 |
_c7634 _d7634 |
||
| 020 | _a9788187496991 | ||
| 082 | _a330.122 SOC- | ||
| 245 | 0 | _aSocialist register 2011: the crisis this time | |
| 260 |
_aNew Delhi _bLeftWord Books _c2010 |
||
| 300 | _axi, 323 | ||
| 440 | _aSocialist register | ||
| 650 | _aFinancial crisis | ||
| 650 | _aCapitalism | ||
| 700 | _aChibber, Vivek | ||
| 700 | _aAlbo, Greg | ||
| 700 | _aPanitch, Leo | ||
| 942 | _cBK | ||